000 00851nam a2200289Ia 4500
005 20220316235256.0
008 121119s2002 mx a gr 000 0 spa
020 _a9681861221
041 0 _aspa
082 0 4 _a613.04
_bE43p
100 1 _aElizondo, Leticia
245 1 0 _aPrincipios básicos de salud
_cLuz Leticia Elizondo
250 _aPrimera edición
300 _a105 páginas
_bilustraciones
_c27 cm
490 0 _aCiencias
650 1 4 _aSalud física
_2LEMB
650 1 4 _aPromoción de la salud
_2LEMB
650 1 4 _aPrimeros auxilios
_2LEMB
650 1 4 _aMedicina preventiva
_2LEMB
650 1 4 _aAnatomía humana
_2LEMB
942 _2ddc
_cBK
264 _aMéxico
_bLimusa
_c2002
336 _atexto
_btxt
_2rdacontent
337 _asin mediación
_bn
_2rdamedia
338 _avolumen
_bnc
_2rdacarrier
040 _aCO-BoRNBP
_bspa
_erda
_cCO-BoRNBP
999 _c458
_d458